La casa de papel-Los Atracodores - Estadísticas

Estadísticas generales
  • Esta prueba ha sido intentada 464 veces
  • La puntuación promedio es 8 de 9
Estadísticas de respuestas
Respuesta % Correcto
rio
95%
Berlín
94%
tokio
94%
Nairobi
91%
denver
90%
Helsinki
88%
Oslo
85%
profesor
71%
Moscú
67%
No se encontraron pruebas coincidentes
Distribución de puntuación
Porcentaje de gente con cada puntuación
Porcentaje por número respondido
Historial de tus puntuaciones
No has intentado esta prueba.